=LDR 00000nam 2200000 4500 =001 INLIS000000000038898 =005 20130612144545 =008 ***********************************ind** =035 ##$$a0010-061300000038898 =041 ##$$a ind =082 ##$$a 813 =090 ##$$a 813, How t.1 =100 ##$$a HOWE, Katherine =245 ##$$a The physick book of deliverance dane, buku ramuan delicerance dane/Katherine howe;Alih bahasa, Dina begum =260 ##$$a 2011 $b Jakarta =300 ##$$a 415 Hlm, 20 Cm =650 ##$$a FIKSI =700 ##$$a BEGUM, Dina =850 ##$$a NBPNMAT =990 ##$$a 93827/BPAP-NTB/2014 =990 ##$$a 21196505/BPAP-NTB/2014 =990 ##$$a 0001/BPAP-NTB/20142014